Sociedad, desarrollo y sistema político en México /

Guardat en:
Dades bibliogràfiques
Autor corporatiu: Seminario Situación Actual del Sistema Político Mexicano ( Cuernavaca, Morelos)
Altres autors: López Cámara, Francisco (coordinación) (coordinación)
Format: Actes de congresos Llibre
Idioma:espanyol
Publicat: Cuernavaca, México : UNAM, Centro Regional de Investigaciones Multidisciplinarias, 1989, c1989
Matèries:
Etiquetes: Afegir etiqueta
Sense etiquetes, Sigues el primer a etiquetar aquest registre!

MARC

LEADER 00000nam^a2200000^a^4500
001 000315118
005 20250521000000.0
009 20260310113234.139
020 |a 968-36-0859-0 
025 |a Donación Héctor Garza, 1 ejemplar 
037 |a Acervo Xavier Clavigero 
041 |a ESP 
082 |a 320. 972  |b SES 1988 
111 |a Seminario Situación Actual del Sistema Político Mexicano (  |d 1988 :  |c Cuernavaca, Morelos) 
245 1 0 |a Sociedad, desarrollo y sistema político en México /  |c Coord. de F. López Cámara. 
264 4 |a Cuernavaca, México :  |b UNAM, Centro Regional de Investigaciones Multidisciplinarias,  |c 1989, c1989 
300 |a 90 p. 
336 |a texto  |b txt  |2 rdacontenido 
337 |a sin mediación  |b n  |2 rdamedio 
338 |a volumen  |b nc  |2 rdasoporte 
649 |a XX 
650 |a Crisis Política -  |z México 
650 |a Partidos Políticos -  |z México 
650 |a Sindicalismo Corporativo -  |z México 
650 |a Proceso Político -  |z México 
650 |a Sistema Político -  |z México 
650 |a Economía -  |z México -  |x Historia -  |y 1982-1988 
650 |a Economía -  |z México -  |x Historia -  |y Siglo XX 
650 |a Política -  |z México -  |x Historia -  |y 1982-1988 -  |x Tema Principal 
650 |a Política -  |z México -  |x Historia -  |y Siglo XX 
650 |a México -  |x Condiciones Políticas 
700 |a López Cámara, Francisco  |e (coordinación) 
910 |a Fondo General 
920 |a Impresos - Libros 
930 |a Colección General 
905 |a 101 
901 |a 0500202087  |b IT1  |c ACC  |i D  |u 20250521 
902 |a https://opac.biblio.iteso.mx/vufind/Record/000315118